01172nam a2200325 i 4500001000300000003000400003005001700007008004100024015001700065020001800082040001400100080002000114080001600134100004900150245013300199250001200332260004700344300002800391490002600419504003900445650003600484700004300520710003300563856009800596830002500694942001200719999001700731952004900748952004900797bgBPK20220927121429.0080220s2008 pl |001 0 pol  aPB 2008/5129 a9788374837415 aWA NcBPK a347.91/.95(438) a(094.4.072)1 aZieliński, Andrzejd(1939-2018)eKomentarz10aKodeks postępowania cywilnego :bkomentarz /cred. Andrzej Zieliński ; aut. Andrzej Zieliński, Kinga Flaga-Gieruszyńska. a3. wyd. aWarszawa :bWydawnictwo C. H. Beck,c2008. aXXVI, 1716 s. ;c25 cm.1 aKomentarze Kodeksowe. aBibliogr. przy działach. Indeks. 4aPostępowanie cywilnezPolska.1 aFlaga-Gieruszyńska, Kingad(1973- ).2 aWydawnictwo C.H. Beck.4pbl. uhttp://koha.tu.koszalin.pl/cgi-bin/koha/opac-detail.pl?biblionumber=54680yKatalog online BPK 0aKomentarze Kodeksowe 2UKDcKS c54680d54680 00104070aBPKbBPKcwo86608p02417738yKS 00104070aBPKbBPKcwo86609p02417721yKS